A. WESLEY POWELL LEARNING RESOURCE CENTRE (WPLRC)

Wonderful Place to Learn, Research & Collaborate

Clinical chemistry in diagnosis and treatment / (Record no. 8248)

MARC details
000 -LEADER
fixed length control field 00869cam a2200253 i 4500
001 - ACCESSION NUMBER
control field 17067
003 - CONTROL NUMBER IDENTIFIER
control field OSt
005 - DATE AND TIME OF LATEST TRANSACTION
control field 20171128155158.0
008 - FIXED-LENGTH DATA ELEMENTS--GENERAL INFORMATION
fixed length control field 790418s1979 enk b 001 0 eng
020 ## - INTERNATIONAL STANDARD BOOK NUMBER
International Standard Book Number 0815198698 :
Terms of availability $21.95
040 ## - CATALOGING SOURCE
Original cataloging agency DLC
Transcribing agency DLC
Modifying agency DLC
050 10 - LIBRARY OF CONGRESS CALL NUMBER
Classification number RB40
Item number .Z54 1979
082 00 - DEWEY DECIMAL CLASSIFICATION NUMBER
Classification number 616.0756ZIL
100 1# - MAIN ENTRY--PERSONAL NAME
Personal name Zilva, Joan F.
Fuller form of name (Joan Foster)
245 10 - TITLE STATEMENT
Title Clinical chemistry in diagnosis and treatment /
Statement of responsibility, etc. Joan F. Zilva, P. R. Pannall.
250 ## - EDITION STATEMENT
Edition statement 3d ed.
260 ## - PUBLICATION, DISTRIBUTION, ETC. (IMPRINT)
Place of publication, distribution, etc. [London] :
Name of publisher, distributor, etc. Lloyd-Luke ;
Place of publication, distribution, etc. Chicago :
Name of publisher, distributor, etc. distributed by Year Book Medical Publishers,
Date of publication, distribution, etc. 1979.
300 ## - PHYSICAL DESCRIPTION
Extent xix, 492 p. ;
Dimensions 21 cm.
504 ## - BIBLIOGRAPHY, ETC. NOTE
Bibliography, etc Includes bibliographies and index.
650 #0 - SUBJECT ADDED ENTRY--TOPICAL TERM
Topical term or geographic name as entry element Clinical chemistry.
650 #0 - SUBJECT ADDED ENTRY--TOPICAL TERM
Topical term or geographic name as entry element Diagnosis, Differential.
700 1# - ADDED ENTRY--PERSONAL NAME
Personal name Pannall, P. R.
Fuller form of name (Peter Ronald),
Relator term joint author.
906 ## - LOCAL DATA ELEMENT F, LDF (RLIN)
a 7
b cbc
c orignew
d 1
e ocip
f 19
g y-gencatlg
942 ## - ADDED ENTRY ELEMENTS (KOHA)
Source of classification or shelving scheme Dewey Decimal Classification
Koha item type Circ Books
Holdings
Withdrawn status Lost status Source of classification or shelving scheme Damaged status Not for loan Home library Current library Date acquired Total Checkouts Full call number Barcode Date last seen Price effective from Koha item type
    Dewey Decimal Classification     Wesley Powell Learning Resource Centre Wesley Powell Learning Resource Centre 11/28/2017   616.0756ZIL ZIL 11/28/2017 11/28/2017 Circ Books